000 00612cam a2200205 4500500
005 20260405001857.0
041 _afre
042 _adc
100 1 0 _aFerraris, Maurizio
_eauthor
245 0 0 _aFiat 500 (1957 et 2007). Le « pop » italien
260 _c2014.
500 _a4
690 _aFiat
690 _aItalie
690 _aMaurizio Ferraris
690 _aRoland Barthes
690 _aVoiture
786 0 _nPhilosophie magazine | 83 | 10 | 2014-10-01 | p. 21-21 | 1951-1787
856 4 1 _uhttps://shs.cairn.info/magazine-philosophie-magazine-2014-10-page-21?lang=fr&redirect-ssocas=7080
999 _c2051924
_d2051924